Представление документа в формате MARC21

Поле Инд. ПП Название Значение
Тип записи a
Библиографический уровень m
001 _ Контрольный номер RU/URAIT/475335
005 _ Дата корректировки 20250915104110.9
008 Кодируемые данные 191011s2021 RU y f j 000 0 rus u
020 a ISBN 978-5-534-11314-3
c Цена, тираж 1009.00
040 a Служба первич. каталог. ИКО Юрайт
c Служба, преобразующая запись ИКО Юрайт
e Правила каталог. RCR
041 a Код языка текста rus
044 a Код страны публикации RU
080 a Индекс УДК 796/799(075.8)
084 2 Источник индекса rubbk
a Индекс другой классификации/Индекс ББК 75я73
100 1_ a Автор Конеева Елена Владимировна
q Полное имя Елена Владимировна
245 a Заглавие Спортивные игры: правила, тактика, техника
b Продолж. заглавия Учебное пособие для вузов
c Ответственность под общ. ред. Конеевой Е.В.
250 g пер. и доп
a Основные сведения об издании 2-е изд.
256 a Характеристики компьютерного файла Электрон. дан.
260 a Место издания Москва
b Издательство Юрайт
c Дата издания 2021
300 a Объем 322 с
440 a Серия Высшее образование
500 a Примечание URL: https://urait.ru/bcode/475335 (дата обращения: 23.11.2021).
520 a Аннотация Курс «Спортивные игры: правила, тактика, техника» об истории возникновения, развитии, технике, тактике и методике обучения, наиболее популярных в XX—XXI вв. средствах физического воспитания и видах спорта, таких как баскетбол, волейбол, теннис, настольный теннис, бадминтон, футбол. Соответствует актуальным требованиям Федерального государственного образовательного стандарта высшего образования. Курс предназначен для студентов среднего профессионального и высшего образования (бакалавров, магистров), делающих первые шаги в освоении средств и методики физического воспитания, а также изучающих «Элективные курсы по физической культуре». Также курс будет полезен для специалистов, тренеров по спортивных играм и другим видам спорта, учителям физической культуры, инструкторам по физической культуре дошкольных образовательных организаций, преподавателям вузов и сузов, аспирантам и докторантам.
538 a Прим. о системных особенностях Режим доступа: Электронно-библиотечная система Юрайт, для авториз. пользователей
653 a Ключевые слова Физическая культура
653 a Ключевые слова Гуманитарные и общественные науки.
653 a Ключевые слова Физическая культура
653 a Ключевые слова Подвижные игры
653 a Ключевые слова Физическая культура (физическая подготовка)
653 a Ключевые слова Физкультура
653 a Ключевые слова Спортивные игры
653 a Ключевые слова Футбол
653 a Ключевые слова Физическая подготовка
653 a Ключевые слова Физическая культура и спорт
653 a Ключевые слова Общая физическая подготовка
653 a Ключевые слова Спортивные и подвижные игры
653 a Ключевые слова Физическая культура (базовая подготовка)
653 a Ключевые слова Бадминтон
653 a Ключевые слова Общая физическая культура
653 a Ключевые слова Основы физической культуры
653 a Ключевые слова Теория и методика футбола
653 a Ключевые слова Игровые виды спорта
653 a Ключевые слова Практикум по судейству спортивных мероприятий
653 a Ключевые слова Физическая культура и спорт (футбол)
653 a Ключевые слова Элективные дисциплины по физической культуре и спорту (Повышение спортивного мастерства-футбол)
653 a Ключевые слова Элективные курсы по физической культуре (Футбол)
653 a Ключевые слова Элективные курсы по физической культуре и спорту (Повышение спортивного мастерства: футбол)
700 1_ a Другие авторы Овчинников Владимир Павлович
q Полное имя Владимир Павлович
700 1_ a Другие авторы Кукаева Татьяна Яковлевна
q Полное имя Татьяна Яковлевна
700 1_ a Другие авторы Румянцева Ольга Вячеславовна
q Полное имя Ольга Вячеславовна
700 1_ a Другие авторы Писаренко Евгения Германовна
q Полное имя Евгения Германовна
700 1_ a Другие авторы Ястребова Ольга Станиславовна
q Полное имя Ольга Станиславовна
700 1_ a Другие авторы Романов Сергей Станиславович
q Полное имя Сергей Станиславович
700 1_ a Другие авторы Кублицкий Владимир Геннадьевич
q Полное имя Владимир Геннадьевич
700 1_ a Другие авторы Волков Александр Валентинович
q Полное имя Александр Валентинович
700 1_ a Другие авторы Гладюк Владимир Григорьевич
q Полное имя Владимир Григорьевич
700 1_ a Другие авторы Волков Андрей Александрович
q Полное имя Андрей Александрович
700 1_ a Другие авторы Жук Ольга Александровна
q Полное имя Ольга Александровна
700 1_ a Другие авторы Шишкова Наталья Георгиевна
q Полное имя Наталья Георгиевна
856 40 u URL https://urait.ru/bcode/475335
x Примечание для ЭОР https://urait.ru/book/cover/9D49A709-23E2-4F97-AE61-8A836D9B2F6E
z Примечание для пользователя Участвует в КО
856 41 u URL https://urait.ru/book/cover/9D49A709-23E2-4F97-AE61-8A836D9B2F6E